| 000 | 00412nam a22001337a 4500 | ||
|---|---|---|---|
| 003 | SGT | ||
| 082 |
_a617.643 _bE18N |
||
| 100 | _aNIRMALA, W | ||
| 245 | _aTO EVALUATE THE EFFICACY OF PLATELET RICH FIBRIN WITH AUTOGENOUS ILIAC BONE GRAFFT IN SECONDARY ALVEOLAR BONE GRAFTING IN CLEFT ALVEOLUS | ||
| 260 |
_aDELHI NCR _bSGT UNIVERSITY GURUGRAM _c2018 |
||
| 300 | _a102 | ||
| 650 | _aORAL SURGERY | ||
| 942 |
_2ddc _cTH |
||
| 999 |
_c17032 _d17032 |
||